000
00417nam a2200145Ia 4500
008
090124s9999 xx 000 0 und d
082
_b
302523
245
_a
मृगजळाची तहान
250
_a
1
260
_b
गोगटे शकुंतला
_c
1991
300
_a
142
630
_a
मृगजळाची तहान
730
_a
मृगजळाची तहान
942
_c
BOOK
999
_c
192160
_d
192160